Missing Word: Wars (A-Z) Quiz Stats

 Plays Quiz Updated Jul 25, 2017

Support Sporcle.
Go Orange.
Score 0/26 Timer 04:00
1 Play Today
Hint Answer % Correct
American _____ War
Death Range: 880,000–1,000,000+
Date: 1861–1865
Civil
90.1%
_____ War II
Death Range: 40,000,000–85,000,000
Date: 1939–1945
World
89.1%
Thirty _____' War
Death Range: 3,000,000–11,500,000
Date: 1618–1648
Years
83%
_____ Revolutionary Wars
Death Range: 1,000,000
Date: 1792–1802
French
82.3%
_____ War
Death Range: 1,200,000
Date: 1950–1953
Korean
78.4%
_____ War
Death Range: 800,000–3,800,000
Date: 1955–1975
Vietnam
75.6%
_____ Years' War
Death Range: 868,000–1,400,000
Date: 1756–1763
Seven
74.5%
Mexican _____
Death Range: 1,000,000–2,000,000
Date: 1910–1920
Revolution
70.8%
First _____ Gulf War
Death Range: 1,000,000
Date: 1980–1988
Persian
70.1%
_____ Invasions of Korea
Death Range: 1,000,000
Date: 1592–1598
Japanese
68.8%
_____ War
Death Range: 20,000,000
Date: 1914–1918
Great
65.7%
Conquest of the _____
Death Range: 8,400,000–137,750,000
Date: 1492–1691
Americas
58.6%
_____ Years' War
Death Range: 600,000–700,000
Date: 1568–1648
Eighty
58.3%
Hint Answer % Correct
Mexican _____ War
Death Range: 106,800+
Date: 2006–present
Drug
53.7%
_____ Dynasty Conquest of Ming Dynasty
Death Range: 25,000,000
Date: 1616–1662
Qing
49.7%
_____ Wars
Death Range: 3,500,000–6,000,000
Date: 1803–1815
Napoleonic
48%
Mau Mau _____
Death Range: 14,077-22,077
Date: 1952-1960
Uprising
44.6%
Anglo-_____ War
Death Range: 8,832
Date: 1879
Zulu
43%
_____ Conquests
Death Range: 40,000,000–70,000,000
Date: 1206–1324
Mongol
37.7%
_____ Revolution
Death Range: 345,000–375,000
Date: 1791-1803
Haitian
33.4%
_____ Civil War
Death Range: 120,000–150,000
Date: 1975–1990
Lebanese
25.9%
First _____ War
Death Range: 400,000+
Date: 1946–1954
Indochina
25.2%
First _____ War
Death Range: 18,069–20,069
Date: 1839–1842
Opium
23.2%
Jewish–_____ War
Death Range: 4,200+
Date: 601–586 BCE
Babylonian
21.4%
_____ Rebellion
Death Range: 20,000,000–100,000,000
Date: 1850–1864
Taiping
11.4%
_____ Wars
Death Range: ?
Date: 1779–1879
Xhosa
8%

Today's Daily Dose

You're not logged in!

Compare scores with friends on all Sporcle quizzes.
OR
Log In
Forgot?

From the Vault

1970s Surnames II

by SporcleEXP

The '70s brought us The Godfather, The Bee Gees, and these people.
Remove Ads.
Support Sporcle.
Get the best of Sporcle when you Go Orange. This ad-free experience offers more features, more stats, and more fun while also helping to support Sporcle. Thank you for becoming a member.

Show Comments

Extras

Top Quizzes Today


Score Distribution

Your Account Isn't Verified!

In order to create a playlist on Sporcle, you need to verify the email address you used during registration. Go to your Sporcle Settings to finish the process.

Report this User

Report this user for behavior that violates our Community Guidelines.

Details: